000 01057cam a2200241 i 4500
005 20260218094426.0
008 250721s2021 jo gr 000 0 ara d
020 _a9789957917531
082 1 4 _a414.1
_bم ص ل
100 1 _aمصلح، خالد حسين
_eمؤلف.
245 1 0 _aرسائل بلاغية من القران الكريم علم المعاني /
_bالخبروالإنشاء - أنواع الإنشاء - القصر- الإيجازوالغطناب - ملحق.
_cخالد حسين مصلح.
250 _aالطبعة الأولى.
264 3 1 _aعمان :
_bدار وائل للنشر والتوزيع،
_c2021.
300 _a148 صفحة.
490 1 _aرسائل بلاغية من القران الكريم ؛
_vرقم 2 .
650 1 7 _aاللغة العربية.
650 1 7 _aالبلاغة.
650 1 7 _aعلم المعاني والالفاظ.
650 1 7 _aعلم الدلالة.
830 0 _aرسائل بلاغية من القران الكريم.
942 _2ddc
_cBK
999 _c142005
_d142005